Online
Catalog
Normal view MARC view

Entry Nombre personal

Number of records used in: 3

001 - NÚMERO DE CONTROL

  • campo de control: 1861

003 - IDENTIFICADOR DEL NÚMERO DE CONTROL

  • campo de control: BNPHU

005 - FECHA Y HORA DE LA ÚLTIMA TRANSACCIÓN

  • campo de control: 20240228141626.0

008 - DATOS DE LONGITUD FIJA

  • campo de control de longitud fija: 200615|| aca||aabn | a|a d

040 ## - FUENTE DE LA CATALOGACIÓN

  • Centro catalogador/agencia de origen: DO-SdBNP
  • Lengua de catalogación: spa
  • Centro/agencia transcriptor: BNPHU
  • Normas de descripción: rda

100 1# - ENCABEZAMIENTO-NOMBRE DE PERSONA

  • Nombre de persona: Peralta, Víctor M.
  • Fechas asociadas al nombre: 1958-

370 ## - LUGAR ASOCIADO

  • Lugar de nacimiento: Sabaneta, Santiago Rodriguez (República Dominicana)

374 ## - OCUPACIÓN

  • Ocupación: Locutor

375 ## - GÉNERO/SEXO

  • Género/Sexo: Masculino

377 ## - LENGUA/LENGUAJE ASOCIADO

  • Código del idioma: spa

400 ## - TRAZADO DE VÉASE--NOMBRE DE PERSONA

  • Nombre de persona: M. Peralta, Víctor,
  • Fechas asociadas al nombre: 1958-

670 ## - FUENTE DE DATOS ENCONTRADOS

  • Cita de la fuente: Peralta, Víctor M., La última vez que vi a mi madre durmiendo y otros cuentos /, 2008.

670 ## - FUENTE DE DATOS ENCONTRADOS

  • Cita de la fuente: Peralta, Víctor M., Insomnio, 2018

Powered by Koha